000 01625nam a22004697a 4500
001 8466
003 FISKH
005 20250915104441.0
008 250915b cb ||||| |||| 00| 0 eng d
020 _a9780478265026
020 _a9780478247671
020 _a9780478273250
020 _a9780478265057
020 _a9780478267495
020 _a9780478265125
020 _a9780478267419
020 _a9780478273274
020 _a9780478265019
020 _a9780478247688
020 _a9780478267570
020 _a9780478265132
020 _a9780478273076
020 _a9780478273137
020 _a9780478266870
020 _a9780478247688
020 _a9780478265026
020 _a9780462004891
020 _a9780478266764
040 _aFISKH
_beng
_cFISKH
_dFISKH
082 _a823
100 _aAnonymous
245 _aFour times around /
_cPhilippa Werry
260 _aNew Zealand :
_bLearning Media,
_c2002.
300 _a8 pages :
_bcolor illustrations ;
_c19 cm
505 _aJ
520 _aFour times around the track, My cousin far away, McBroom's fabulous farm sid fleischman, Candy Floss, Granny's lost glasses, Thanks for Listening, Fly Ball, Snowboard Challenge, Animals on the Move, Keeping Your cool, Making Money for Kids, Code Breaker, Lamron Performing Artist, Happy Burger, The Most Famous Baseball Player, Creatures in Disguise, The Two Good Brothers, Intruder, Granddad and the Frog, The Statue of Liberty, Car Trouble
521 8 _a480
_bLexile estimate
521 8 _aJ
_bRaz-Plus
650 _aShort Stories
942 _2ddc
_cBK
_n0
999 _c8466
_d8466